| 000 | 00000nam##2200000za#4500 |
| 001 | 9.639949 |
| 003 | CaOODSP |
| 005 | 20240314152355 |
| 007 | cr ||||||||||| |
| 008 | 150407|2009||||xxc|||||o f|0| 0 fre|d |
| 020 | |a978-1-100-98891-7 |
| 040 | |aCaOODSP|bfre |
| 043 | |an-cn--- |
| 086 | 1 |aPS4-142/2009F-PDF |
| 110 | 1 |aCanada. |bSécurité publique Canada. |
| 245 | 10|a2008-2009 évaluation sommative de L'Initiative de recherche et de sauvetage en milieu urbain à l'aide d'équipement lourd (RSMUL) : |h[ressource électronique]|bversion définitive / |c[par] Direction générale de la préparation et du rétablissement. |
| 260 | |aOttawa - Ontario : |bSécurité publique Canada |cLe 30 août 2007. |
| 300 | |a34p.|bfigure, références, tableaux |
| 590 | |a12-43-Supp|b2012-12-07 |
| 691 | 07|aMilieu urbain|2gcpds |
| 691 | 07|aSauvetage|2gcpds |
| 775 | 08|t2008-2009 summative evaluation of the Heavy Urban Search and Rescue (HUSAR) Initiative : |w(CaOODSP)9.695799 |
| 856 | 40|ahttp://publications.gc.ca|qPDF|s296 Ko|uhttps://publications.gc.ca/collections/collection_2012/sp-ps/PS4-142-2009-fra.pdf |